| 000 | 01179nam a22002537a 4500 | ||
|---|---|---|---|
| 005 | 20240530110604.0 | ||
| 008 | 161030s2014 ua g b 000 0 ara d | ||
| 017 |
_a2013/15097 _bمصر. دار الكتب |
||
| 020 | _a9789772766550 | ||
| 040 |
_aEG-CaGPL _cEG-CaGPL |
||
| 082 | 0 | 4 |
_221 _a320.95195\ _bم ت |
| 100 | 0 | _aمينا اسحق طانيوس بولس | |
| 245 | 1 | 2 |
_aالتحول الديمقراطى لكوريا الجنوبية و اثره فى تغير سياستها الخارجية تجاه كوريا الشمالية / _cاعداد مينا اسحق طانيوس بولس |
| 250 | _aط.1 | ||
| 260 |
_aالقاهرة : _bالمكتب العربى للمعارف ، _c2014 . |
||
| 300 |
_a249 ص : _bايض ؛ _c24 سم |
||
| 490 | 0 | _aالسياسية الدولية و الاستراتيجية | |
| 504 | _aيشتمل على ارجاعات بيليوجرافية | ||
| 651 | 0 | 7 |
_2qrmak _aكوريا الجنوبية _xالعلاقات الخارجية |
| 651 | 0 | 7 |
_2qrmak _aكوريا الجنوبية _xالاحوال السياسية |
| 651 | 0 | 7 |
_2qrmak _aكوريا الشمالية |
| 942 |
_2ddc _cBK |
||
| 999 |
_c62728 _d62728 |
||